| 000 | 00771nam a2200253 i 4500 | ||
|---|---|---|---|
| 001 | 76959 | ||
| 003 | ES-MaACL | ||
| 005 | 20260129180910.0 | ||
| 007 | t| | ||
| 008 | 041006s1973 sp f |||| |dspa d | ||
| 080 | _a32(83)"1970/73" | ||
| 080 | _a929 Allende, Salvador | ||
| 100 | 1 |
_aGurriaran, José Antonio. _961000 |
|
| 245 | 1 | 1 |
_a¿Caerá Allende? / _cJosé Antonio Gurriarán. |
| 250 | _a1ª ed. | ||
| 260 |
_a[Barcelona] : _bDopesa, _c1973. |
||
| 300 |
_a269 p., 16 lám. ; _c22 cm. |
||
| 490 | 1 |
_aTestimonios de actualidad ; _v28 |
|
| 600 | 1 | 4 |
_aAllende Gossens, Salvador. _920012 |
| 651 | 4 |
_aChile- _xPolítica y gobierno- _y1970-1973. _98044 |
|
| 830 | 0 |
_aTestimonio de actualidad _v28 _9181695 |
|
| 852 |
_aES-MaACL _jC-52382 |
||
| 999 |
_c76959 _d76959 |
||